Culture Générale - Série 1537 - Statistiques

Statistiques générales
  • Ce quiz a été pris 101 fois
  • Le résultat moyen est 6 sur 10
Statistiques - réponses
Question Réponse % Correct
Quel est le moyen de locomotion privilégié des Néerlandais dans les villes ? bicyclette
88%
La route de la soie reliait l’actuelle Turquie à la ... Chine
87%
De quelle langue provient le mot "ersatz" ? allemand
82%
Qui est la bête dans La Belle et la Bête de Jean Cocteau ? Jean Marais
76%
Avec quelle auteure Chopin a-t-il eu une relation amoureuse ? George Sand
72%
À quel pianiste et compositeur polonais doit-on la “Barcarolle”, en 1846 ? Frédéric Chopin
64%
Au Canada, de quel mammifère marin amphibie appelle-t-on le bébé "blanchon" ? phoque
49%
Quelle chanteuse, prénommée Lucienne, fut la première à interpréter “Parlez-moi d'amour”, écrit par Jean Lenoir ? Lucienne Boyer
27%
Qui a dit : « Je ne sais pas comment on fera la Troisième Guerre mondiale, mais je sais comment on fera la quatrième : avec des bâtons et des pierres ! » ? Albert Einstein
13%
Quel homme politique (initiales AS) est le chef du gouvernement espagnol de 1976 à 1981 ? Adolfo Suarez
5%
Aucun quiz correspondant
Distribution des résultats
% des personnes avec chaque résultat
Percentile par nombre de réponses
Votre historique - résultats
Vous n’avez pas pris ce quiz